Introducción a la termodin mica en ingeniería química / J.M. Smit, H. C. Van Ness, M. M. Abbott (Registro nro. 26954)

Detalles MARC
000 -LÍDER
fixed length control field 00530nam a2200157 4500
020 ## - NÚMERO INTERNACIONAL NORMALIZADO PARA LIBROS
ISBN 970-10-6147-0, 978-970-10-6147-3
050 ## - SIGNATURA TOPOGRAFICA DE LA BIBLIOTECA DEL CONGRESO (LC)
Número de Clasificación TP149 S54 2007
082 ## - NUMERO DE CLASIFICACION DECIMAL DEWEY
Número de Clasificación 660.284.29 S824i
100 ## - ASIENTO PRINCIPAL--NOMBRE PERSONAL
Nombre personal Smith, J.M.
245 ## - TÍTULO
Título Introducción a la termodin mica en ingeniería química / J.M. Smit, H. C. Van Ness, M. M. Abbott
250 ## - MENCIÓN DE EDICIÓN
Mención de edición 7
260 ## - PUBLICACIÓN, DISTRIBUCIÓN, ETC. (PIE DE IMPRENTA)
Lugar de publicación, distribución, etc. México : McGraw-Hill
300 ## - DESCRIPCIÓN FÍSICA
Extensión xvi, 816 p. / 24 cm.
650 ## - ASIENTO SECUNDARIO DE MATERIA - TERMINO TEMÁTICO
Término temático o nombre geográfico como elemento de entrada 1. TERMODINÁMICA / 2. INGENIERÍA QUÍMICA
700 ## - ASIENTO SECUNDARIO - NOMBRE PERSONAL
Nombre personal 1. Van Ness, H.C. coaut. / 2. Abbott M.M. coaut.
Existencias
No. biblioteca No. biblioteca Número de clasificación Código de barras/Número de adquisición Número de copia Tipo de material
ÁREA DE QUÍMICA ÁREA DE QUÍMICA 660.284.29 S824i 51072 1 Libros
ÁREA DE QUÍMICA ÁREA DE QUÍMICA 660.284.29 S824i 51073 2 Libros
ÁREA DE QUÍMICA ÁREA DE QUÍMICA 660.284.29 S824i 51074 3 Libros
ÁREA DE QUÍMICA ÁREA DE QUÍMICA 660.284.29 S824i 51294 4 Libros
ÁREA DE QUÍMICA ÁREA DE QUÍMICA 660.284.29 S824i 51295 5 Libros
Calzada Tecnológico # 27, Zacatepec, Morelos.
01(734) 343-07-23 / 343-21-10 / 343-21-11
Apdo. Postal 45 C.P 62780